000 00571nam a2200181Ia 4500
005 20250326124844.0
008 250326s9999 xx 000 0 und d
037 _aTextbook
040 _aFMSL
_beng
_cFMSL
041 _aeng
_2eng
084 _aX:8D L8
_qFMSL
100 _aMilling B E
_9738117
245 0 _aHandbook of accounts receivable ficing: dynamic approach to cash flow and profits
_cMilling B E
260 _aNew Jersey
_bNew Jersey, Institute for Business Planning
_c1978
300 _a340p
942 _cTB
_hX:8D L8
999 _c1275523
_d1275523